000 00479nam a2200181Ia 4500
008 100917s9999 xx 000 0 und d
082 _b48692
100 _aखांडेकर वि. स.
245 _aअस्थी
260 _bअनुपम प्रकाशन
_c1976
300 _a56
365 _b4
520 _aबालविभाग
630 _aअस्थी
650 _aबालविभाग
730 _aअस्थी
942 _cBOOK
999 _c654086
_d654083